| 000 | 00509nam a2200193Ia 4500 | ||
|---|---|---|---|
| 003 | GCL | ||
| 008 | 140319s9999 xx 000 0 eng d | ||
| 040 |
_aGCL / _cGCL |
||
| 082 | 0 | 4 |
_a005.7 _bH D |
| 100 | 1 | _aDEAN, DAMON A. | |
| 245 | 1 | 0 |
_aA POCKET TOUR OF MULTIMEDIA ON THE INTERNET / _cDEAN, DAMON A. |
| 260 |
_a[S.N] : _bSYBEX ، _c1996 |
||
| 300 | _a148 P | ||
| 650 | 0 | 4 | _aشعر الحرب |
| 650 | 0 | 4 | _aMULTIMEDIA COMPUTING |
| 650 | 0 | 4 | _aINTERNET |
| 650 | 0 | 4 | _aCOMPUTER - NETWORKS |
| 942 |
_2ddc _cBK |
||
| 999 |
_c14381 _d14381 |
||